=LDR 00000nam 2200000 4500 =001 000159 =020 $9786027050150 =082 $635.000 =100 $$a Mada N.M. =245 $$a Peluang usaha budi daya Jamur Tiram /$c Mada N.M. =250 $Cetakan 1 =264 $Yogyakarta: Salma Idea 2022 =300 $110 halaman; 21 cm. =650 $Hortikultura =905 $635 MAD p =336 $$a =337 $$a =338 $$a =005 20260702151432.0 =008 260702s2026\\\\\\\\\\\\\\\\\\\\\\\\\\\\\\\\\\\\\\\\\